| 000 | 02273 a2200229 4500 | ||
|---|---|---|---|
| 001 | 22455 | ||
| 005 | 20260407155515.0 | ||
| 008 | 260407a1977 arg spa d | ||
| 003 | AR-UNSa-BCEJYS | ||
| 040 |
_aAR-UNSa-BCEJYS _bspa _cAR-UNSa-BCEJYS |
||
| 080 |
_a336.1 _xFinanzas Públicas. Finanzas del gobierno en general |
||
| 245 | 1 | 0 | _aAnálisis económico de los impuestos y del sector público |
| 250 | _a4a. ed | ||
| 264 | 1 |
_aBuenos Aires : _bEl Ateneo _c1977 |
|
| 300 |
_axvi, 629 p. _c23 cm. |
||
| 505 | _aParte I: Asignación y distribución: Actividades y gastos: 1. Introducción - 2. El análisis de la economía privada - 3. Bienes públicos - 4. Externalidades y el papel del gobierno - 5. Monopolios naturales, cargos que recaen en el usuario y competencia imperfecta - 6. El problema de la distribución del ingreso - 7.Sistemas presupuestarios y análisis costo- beneficio - 8. Esquemas de gastos públicos y estructuras tributarias - Parte II: Asignación y distribución -Imposición: 9. Decisión sobre la estructura de los recursos - 10. La estructura del impuesto a la renta:El concepto de la renta - 11. La estructura del impuesto a la renta II: ajustes y deducciones a la renta imponible - 12. Efectos económicos del impuesto a la renta - 13. Impuesto a la renta de sociedades de capital - 14. La imposición en función de los consumos - 15. Impuestos sobre consumos específicos e impuesto a las ventas - 16. El impuesto al valor agregado - 17. Impuestos sucesorios, sobre salarios y actividades comerciales - 18. Los impuestos al patrimonio - Parte III: Federalismo Fiscal:19. Federalismo Fiscal - Parte IV: El impacto general de la estructura fiscal sobre la economía : 20. La teoría de la determinación del ingreso - 21. La teoría de estabilización del ingreso - 22. Estabilización y pronóstico económicos - 23. Estabilización económica en el periodo de posguerra - 24. Crecimiento y política fiscal - Parte V: Desarrollo económico: 25. Las finanzas públicas en la economías en desarrollo. | ||
| 942 | _cBK | ||
| 590 | _aniveau_biblio:m niveau_hierar:0 | ||
| 100 | 1 | _aDue, John F. | |
| 700 | 1 | _aFriedlander, Ann F. | |
| 856 | 4 | 1 |
_uhttps://biblioeco.unsa.edu.ar/pmb/images/libros/L128613.jpg _yImagen de portada _qimage/jpeg |
| 999 |
_c1014 _d1014 |
||